[Event "Rated Blitz game"]
[Site "?"]
[Date "2021.05.17"]
[Round "?"]
[White "Radovanovic64"]
[Black "KinzyabulatovRenat"]
[Result "0-1"]
[WhiteElo "2456"]
[BlackElo "2381"]
[PlyCount "68"]
[EventDate "2021.??.??"]
[EventType "blitz"]

1. e4 e5 2. Nf3 d5 3. Nxe5 Bd6 4. d4 dxe4 5. Nc4 Nf6 6. Bg5 O-O 7. Nc3 Be7 8.
Be2 Nc6 9. d5 Nxd5 10. Qxd5 Bxg5 11. Qxd8 Bxd8 12. O-O-O f5 13. f4 Be6 14. Ne3
Bf6 15. Ncd5 Rac8 16. Nxf6+ Rxf6 17. Kb1 Rff8 18. c3 Rfd8 19. Bb5 Ne7 20. g3 c6
21. Bc4 Kf7 22. Bxe6+ Kxe6 23. c4 c5 24. Kc2 Rd4 25. b3 Rcd8 26. h3 Rd3 27.
Rxd3 Rxd3 28. Re1 Nc6 29. g4 g6 30. gxf5+ gxf5 31. Kb2 Nb4 32. a3 Nc6 33. h4
Nd4 34. Rg1 Rxe3 {Normal} 0-1

[Event "Rated Blitz game"]
[Site "?"]
[Date "2021.05.17"]
[Round "?"]
[White "Jadoubovic11"]
[Black "magos33"]
[Result "1-0"]
[WhiteElo "2418"]
[BlackElo "2352"]
[PlyCount "27"]
[EventDate "2021.??.??"]
[EventType "blitz"]

1. e4 e5 2. Nf3 d5 3. exd5 e4 4. Qe2 Nf6 5. d3 Qxd5 6. Nfd2 Bc5 7. Nxe4 Nxe4 8.
dxe4 Qe6 9. Nc3 O-O 10. Qc4 Qb6 11. Nd5 Bxf2+ 12. Kd1 Bg4+ 13. Be2 Qg6 14. Ne7+
{Normal} 1-0

[Event "Rated Blitz game"]
[Site "?"]
[Date "2021.05.17"]
[Round "?"]
[White "forbiddencheapos"]
[Black "os_IM"]
[Result "0-1"]
[WhiteElo "2439"]
[BlackElo "2410"]
[PlyCount "102"]
[EventDate "2021.??.??"]
[EventType "blitz"]

1. e4 e5 2. Nf3 d5 3. Nxe5 Qe7 4. d4 Nc6 5. Nxc6 Qxe4+ 6. Qe2 Qxe2+ 7. Bxe2
bxc6 8. O-O Bf5 9. c3 Bd6 10. Ba6 Ne7 11. Re1 O-O 12. b4 Rfe8 13. Be3 Rab8 14.
Nd2 Ng6 15. a4 Bf4 16. a5 Bxe3 17. Rxe3 Rxe3 18. fxe3 Re8 19. Kf2 Bd7 20. Nb3
Re6 21. Nc5 Rf6+ 22. Kg1 Be8 23. Bd3 Ne7 24. Na6 Re6 25. Nxc7 Rxe3 26. Rd1 Nc8
27. Kf2 Re7 28. Na6 Nd6 29. Nc5 Kf8 30. h4 f6 31. g4 Bg6 32. Bxg6 hxg6 33. Kf3
Nb5 34. Na4 Kf7 35. Rd2 Re8 36. Re2 Rh8 37. Kg3 Nd6 38. Nc5 f5 39. Re5 Ne4+ 40.
Nxe4 fxe4 41. b5 cxb5 42. Rxd5 Rc8 43. Rxb5 Rxc3+ 44. Kf4 e3 45. Rb7+ Ke6 46.
Kf3 Kd5 47. Rxa7 Kxd4 48. Rd7+ Ke5 49. Rxg7 Ra3 50. Rxg6 Kd4 51. Rd6+ Kc5 {
Time forfeit} 0-1

[Event "Rated Rapid game"]
[Site "?"]
[Date "2021.05.17"]
[Round "?"]
[White "markomatko123"]
[Black "Delyvj"]
[Result "0-1"]
[WhiteElo "2310"]
[BlackElo "2413"]
[PlyCount "78"]
[EventDate "2021.??.??"]
[EventType "rapid"]

1. e4 e5 2. Nf3 d5 3. exd5 e4 4. Ne5 Qxd5 5. d4 exd3 6. Nxd3 Bf5 7. Nc3 Qe6+ 8.
Be3 Bd6 9. Be2 Nd7 10. Bf3 c6 11. O-O Ne5 12. Re1 Bxd3 13. cxd3 Ne7 14. Bg5 O-O
15. d4 Nxf3+ 16. Qxf3 Qd7 17. Rad1 Nd5 18. Ne4 f6 19. Bh4 Rfe8 20. Qh5 Nf4 21.
Qf3 Ng6 22. Bg3 Bxg3 23. hxg3 b6 24. Re2 Rad8 25. Rde1 Re7 26. Nxf6+ gxf6 27.
Rxe7 Nxe7 28. Qxf6 Ng6 29. Re4 Rf8 30. Qg5 Qf5 31. Qe3 Kg7 32. Re6 Qd5 33. f4
Rf7 34. a3 Rd7 35. Qe4 Qxe4 36. Rxe4 Ne7 37. Kf2 Nf5 38. g4 Nxd4 39. Ke3 c5 {
Normal} 0-1

[Event "Rated Blitz game"]
[Site "?"]
[Date "2021.05.17"]
[Round "?"]
[White "kintoho"]
[Black "KinzyabulatovRenat"]
[Result "0-1"]
[WhiteElo "2497"]
[BlackElo "2425"]
[PlyCount "20"]
[EventDate "2021.??.??"]
[EventType "blitz"]

1. e4 e5 2. Nf3 d5 3. exd5 e4 4. Qe2 Nf6 5. d3 Qxd5 6. Nc3 Bb4 7. Bd2 Bxc3 8.
Bxc3 O-O 9. Bxf6 exf3 10. Bc3 fxe2 {Normal} 0-1

[Event "Rated Blitz game"]
[Site "?"]
[Date "2021.05.17"]
[Round "?"]
[White "Nodal1955"]
[Black "KinzyabulatovRenat"]
[Result "1-0"]
[WhiteElo "2400"]
[BlackElo "2385"]
[PlyCount "107"]
[EventDate "2021.??.??"]
[EventType "blitz"]

1. e4 e5 2. Nf3 d5 3. d4 dxe4 4. Nxe5 Bd6 5. Nc4 Nf6 6. Nc3 O-O 7. Bg5 Be7 8.
Qd2 Nc6 9. O-O-O Re8 10. Ne3 h6 11. Bf4 Bb4 12. d5 Ne5 13. Qd4 Bd6 14. Bg3 Neg4
15. Nxg4 Bxg4 16. Be2 Bxg3 17. hxg3 Bxe2 18. Nxe2 Qe7 19. Nf4 Rad8 20. Rhe1 a6
21. c4 b5 22. c5 a5 23. d6 cxd6 24. cxd6 Qd7 25. Kb1 b4 26. Nd5 Qxd6 27. Nxf6+
Qxf6 28. Qxf6 gxf6 29. Rxd8 Rxd8 30. Rxe4 Rd2 31. Rf4 Kg7 32. g4 Kg6 33. g3 Re2
34. Kc1 Re5 35. Kd2 f5 36. gxf5+ Rxf5 37. Ke3 Rc5 38. Kd3 f5 39. Rd4 Kg5 40. f3
h5 41. a3 bxa3 42. bxa3 Rb5 43. Ra4 Rb3+ 44. Ke2 Rb5 45. Ke3 Rb3+ 46. Kf2 Rb5
47. Kg2 Rc5 48. Kh3 Rb5 49. f4+ Kf6 50. Kh4 Kg6 51. Rc4 Rb6 52. Rc5 Ra6 53. Rb5
a4 54. Rb4 {Time forfeit} 1-0

[Event "Rated Blitz game"]
[Site "?"]
[Date "2021.05.17"]
[Round "?"]
[White "CildirtmayinLanBeni"]
[Black "KinzyabulatovRenat"]
[Result "0-1"]
[WhiteElo "2476"]
[BlackElo "2420"]
[PlyCount "38"]
[EventDate "2021.??.??"]
[EventType "blitz"]

1. e4 e5 2. Nf3 d5 3. Nxe5 Bd6 4. d4 dxe4 5. Nc4 Nf6 6. Nc3 O-O 7. Ne3 Nc6 8.
Be2 Re8 9. O-O Nxd4 10. Bc4 c5 11. h3 a6 12. a4 Bd7 13. a5 Bc6 14. Ned5 Nxd5
15. Nxd5 Qh4 16. c3 Nf3+ 17. gxf3 Qxh3 18. Nf4 Bxf4 19. Bxf4 exf3 {Normal} 0-1

[Event "Rated Blitz game"]
[Site "?"]
[Date "2021.05.17"]
[Round "?"]
[White "GloomyHoneyBadger"]
[Black "hkn967"]
[Result "0-1"]
[WhiteElo "2420"]
[BlackElo "2550"]
[PlyCount "86"]
[EventDate "2021.??.??"]
[EventType "blitz"]

1. e4 e5 2. Nf3 d5 3. exd5 e4 4. Ne5 Bd6 5. d4 exd3 6. Nxd3 Nf6 7. Be2 O-O 8.
Nc3 c6 9. dxc6 Nxc6 10. O-O h6 11. Be3 a6 12. Bf3 Qc7 13. h3 Be6 14. Nc5 Bxc5
15. Bxc5 Rfd8 16. Qc1 b6 17. Be3 Rac8 18. Rd1 b5 19. Rxd8+ Rxd8 20. Ne4 Nxe4
21. Bxe4 Bd5 22. Bxd5 Rxd5 23. c3 Ne5 24. Qc2 Qc4 25. b3 Qc6 26. Rc1 Nd3 27.
Rd1 Nb4 28. Qe2 Rxd1+ 29. Qxd1 Nxa2 30. Qd8+ Kh7 31. Qd3+ Qg6 32. Qxg6+ Kxg6
33. Bd2 b4 34. cxb4 Kf5 35. Kf1 Ke4 36. Ke2 Kd4 37. g3 Nc3+ 38. Kf3 Kd3 39. Bf4
Nb5 40. Kg4 Nd4 41. Be5 g6 42. Bg7 f5+ 43. Kh4 Nf3# {Normal} 0-1

[Event "Rated Rapid game"]
[Site "?"]
[Date "2021.05.17"]
[Round "?"]
[White "Lucek234"]
[Black "mariusz95"]
[Result "0-1"]
[WhiteElo "2236"]
[BlackElo "2429"]
[PlyCount "162"]
[EventDate "2021.??.??"]
[EventType "rapid"]

1. e4 e5 2. Nf3 d5 3. exd5 e4 4. Ne5 Qxd5 5. d4 exd3 6. Nxd3 Nf6 7. Nc3 Qf5 8.
Be2 Nc6 9. O-O Bd6 10. Re1 Be6 11. Bf3 O-O 12. Be3 Rad8 13. Qe2 Rfe8 14. h3 Bc4
15. Rad1 Bf4 16. Qf1 Bxe3 17. Rxe3 Rxe3 18. fxe3 Ne5 19. Bxb7 Qxf1+ 20. Kxf1
Rb8 21. Bf3 Rxb2 22. Kg1 Bxd3 23. cxd3 Nxf3+ 24. gxf3 Rc2 25. Nb5 a6 26. Nd4
Rxa2 27. Rc1 g6 28. Rxc7 Nd5 29. Rc8+ Kg7 30. e4 Nf4 31. Rc7 Nxh3+ 32. Kf1 Nf4
33. Ra7 h5 34. Nb5 Ra1+ 35. Kf2 Nxd3+ 36. Ke3 Ne5 37. Nc7 Ra3+ 38. Kf4 Nxf3 39.
Rxa6 Rxa6 40. Nxa6 Nd4 41. Kg3 Kf6 42. Kf2 Ke5 43. Ke3 h4 44. Nc5 Nc2+ 45. Kd2
Nb4 46. Kc3 h3 47. Kxb4 h2 48. Nd3+ Kxe4 49. Nf2+ Kf3 50. Kc4 Kxf2 51. Kd4 h1=Q
52. Ke5 Qf3 53. Kd4 g5 54. Ke5 g4 55. Kd4 g3 56. Ke5 g2 57. Kd4 g1=N 58. Ke5
Ne2 59. Kd6 Qe4 60. Kc5 Qd3 61. Kc6 Qd4 62. Kb5 Qc3 63. Kb6 Qc4 64. Kb7 Qc5 65.
Kb8 Qc6 66. Ka7 Qb5 67. Ka8 f5 68. Ka7 f4 69. Ka8 f3 70. Ka7 Kg3 71. Ka8 f2 72.
Ka7 f1=N 73. Ka8 Ne3 74. Ka7 Nc4 75. Ka8 Nd4 76. Ka7 Na5 77. Ka8 Kh2 78. Ka7
Ne6 79. Ka8 Kh1 80. Ka7 Nc6+ 81. Ka8 Nc7# {Normal} 0-1

[Event "Rated Blitz game"]
[Site "?"]
[Date "2021.05.17"]
[Round "?"]
[White "Elito29"]
[Black "KinzyabulatovRenat"]
[Result "0-1"]
[WhiteElo "2564"]
[BlackElo "2411"]
[PlyCount "56"]
[EventDate "2021.??.??"]
[EventType "blitz"]

1. e4 e5 2. Nf3 d5 3. exd5 e4 4. Qe2 Nf6 5. d3 Qxd5 6. Nfd2 Nc6 7. Nc3 Qa5 8.
Ndxe4 Be6 9. Nxf6+ gxf6 10. Be3 O-O-O 11. Qd2 Rg8 12. Be2 Rxg2 13. Bf3 Rg6 14.
Bxc6 bxc6 15. Ne4 Bb4 16. c3 Be7 17. b4 Qd5 18. O-O-O Qxa2 19. Qxa2 Bxa2 20.
Kb2 Bd5 21. Rhg1 Kb7 22. h4 f5 23. Nc5+ Bxc5 24. Bxc5 h5 25. Rg5 Rxg5 26. hxg5
h4 27. c4 Bf3 28. Rg1 h3 {Normal} 0-1

[Event "Rated Blitz game"]
[Site "?"]
[Date "2021.05.17"]
[Round "?"]
[White "ArtemMelekess"]
[Black "oJoNTANGc0"]
[Result "0-1"]
[WhiteElo "2358"]
[BlackElo "2457"]
[PlyCount "96"]
[EventDate "2021.??.??"]
[EventType "blitz"]

1. e4 e5 2. Nf3 d5 3. Nxe5 dxe4 4. d4 Bd6 5. Nc3 Bxe5 6. dxe5 Qxd1+ 7. Kxd1 Nc6
8. Nxe4 Nxe5 9. Bf4 Bg4+ 10. f3 Nxf3 11. h3 O-O-O+ 12. Bd3 Bh5 13. g4 Bg6 14.
Ke2 Nd4+ 15. Kf2 Nf6 16. Nc5 Nd5 17. Be5 Nf6 18. Bxg6 hxg6 19. c3 Nc6 20. Bxf6
gxf6 21. Rae1 b6 22. Ne4 Ne5 23. Re2 Nxg4+ 24. Kg3 f5 25. Ng5 Rd3+ 26. Kf4 f6
27. hxg4 fxg5+ 28. Kxg5 Rxh1 29. gxf5 gxf5 30. Re8+ Kd7 31. Rf8 Rf1 32. Rf7+
Kc6 33. Rf6+ Kb7 34. c4 f4 35. c5 f3 36. c6+ Ka6 37. b4 Kb5 38. Rf4 Kxc6 39. a4
f2 40. b5+ Kb7 41. Kf6 Rd2 42. Kf7 Re1 43. Kf8 f1=Q 44. Rxf1 Rxf1+ 45. Ke7 Re1+
46. Kf7 Rf2+ 47. Kg6 Rg1+ 48. Kh5 Rh2# {Normal} 0-1

[Event "Rated Blitz game"]
[Site "?"]
[Date "2021.05.17"]
[Round "?"]
[White "Siarinho"]
[Black "CristianS27"]
[Result "0-1"]
[WhiteElo "2459"]
[BlackElo "2469"]
[PlyCount "74"]
[EventDate "2021.??.??"]
[EventType "blitz"]

1. e4 e5 2. Nf3 d5 3. exd5 e4 4. Nd4 Qxd5 5. Nb3 Nf6 6. Nc3 Qe5 7. Be2 Bd6 8.
d4 exd3 9. Qxd3 Nc6 10. Qe3 Bf5 11. Qxe5+ Bxe5 12. O-O Bxc2 13. Bf3 O-O-O 14.
Nc5 Bd6 15. Be3 Bxc5 16. Bxc5 Nd4 17. Bxd4 Rxd4 18. Rfc1 Rd2 19. g4 g5 20. Re1
Re8 21. Rxe8+ Nxe8 22. Re1 Nd6 23. Nd5 c6 24. Nc3 Kd7 25. Kg2 f6 26. h4 Nc4 27.
hxg5 fxg5 28. b3 Nb2 29. Ne4 Bxe4 30. Bxe4 h6 31. Bf5+ Kc7 32. Re7+ Kb6 33. Bc8
Nd1 34. Rxb7+ Kc5 35. Rf7 Rxa2 36. Kg3 Nc3 37. Rf6 Ne4+ {Normal} 0-1

[Event "Rated Blitz game"]
[Site "?"]
[Date "2021.05.17"]
[Round "?"]
[White "Chandreshan"]
[Black "Schachelite"]
[Result "0-1"]
[WhiteElo "2446"]
[BlackElo "2405"]
[PlyCount "38"]
[EventDate "2021.??.??"]
[EventType "blitz"]

1. e4 e5 2. Nf3 d5 3. exd5 e4 4. Qe2 Nf6 5. d3 Qxd5 6. Nc3 Bb4 7. Bd2 Bxc3 8.
Bxc3 O-O 9. Bxf6 exf3 10. Qe5 Qxe5+ 11. Bxe5 Re8 12. d4 f6 13. Bc4+ Kf8 14.
gxf3 fxe5 15. O-O-O Nc6 16. dxe5 Nxe5 17. Bb3 Be6 18. Bxe6 Rxe6 19. Rhe1 Rae8 {
Normal} 0-1

[Event "Rated Blitz game"]
[Site "?"]
[Date "2021.05.17"]
[Round "?"]
[White "Dubov1bliz"]
[Black "greenbubbl_e"]
[Result "1-0"]
[WhiteElo "2535"]
[BlackElo "2730"]
[PlyCount "159"]
[EventDate "2021.??.??"]
[EventType "blitz"]

1. e4 e5 2. Nf3 d5 3. exd5 e4 4. Nd4 Qxd5 5. Nb3 Nf6 6. Nc3 Qe5 7. Qe2 Nbd7 8.
d4 exd3 9. cxd3 Bd6 10. Nb5 O-O 11. Qxe5 Nxe5 12. Nxd6 cxd6 13. Be3 Nd5 14. Kd2
f5 15. Re1 Nxe3 16. fxe3 Be6 17. Be2 a5 18. Rhf1 g6 19. Ra1 a4 20. Nd4 Bd5 21.
g3 b5 22. Rf4 h5 23. Nc2 Rfc8 24. Nb4 Bf7 25. Rd4 d5 26. Nxd5 Nc6 27. Nb6 Nxd4
28. exd4 Rab8 29. Nxc8 Rxc8 30. a3 Kg7 31. Rc1 Rd8 32. Rc5 Rxd4 33. Rxb5 Bb3
34. Rb4 Rd6 35. Bf3 g5 36. h4 f4 37. gxf4 gxh4 38. f5 h3 39. Rh4 Bf7 40. Rxh3
Rb6 41. Kc3 Rh6 42. d4 Kf6 43. Be4 h4 44. Kb4 Be8 45. Kc5 Bd7 46. d5 Ke5 47.
Bc2 Rh8 48. Re3+ Kf6 49. Be4 h3 50. b4 axb3 51. Rxb3 h2 52. Rb1 Bxf5 53. Bxf5
Kxf5 54. Rh1 Ke5 55. Re1+ Kf5 56. Rh1 Ke5 57. a4 Rc8+ 58. Kb6 Kxd5 59. Rxh2 Rc1
60. Rb2 Ra1 61. Rb4 Kd6 62. a5 Kd7 63. Rc4 Rb1+ 64. Ka6 Kd6 65. Ka7 Kd7 66. a6
Kd8 67. Rc6 Kd7 68. Rb6 Rc1 69. Kb7 Rc7+ 70. Ka8 Rc8+ 71. Rb8 Rc4 72. Rb7+ Kc8
73. a7 Ra4 74. Rb6 Kc7 75. Rb7+ Kc6 76. Rg7 Rb4 77. Rg6+ Kc7 78. Rg7+ Kc8 79.
Rg8+ Kc7 80. Rb8 {Time forfeit} 1-0

[Event "Rated Blitz game"]
[Site "?"]
[Date "2021.05.17"]
[Round "?"]
[White "Keelgara"]
[Black "annaly1979"]
[Result "1-0"]
[WhiteElo "2400"]
[BlackElo "2389"]
[PlyCount "83"]
[EventDate "2021.??.??"]
[EventType "blitz"]

1. e4 e5 2. Nf3 d5 3. Nxe5 Qe7 4. d4 f6 5. Qh5+ g6 6. Nxg6 Qxe4+ 7. Be2 Qxg6 8.
Qxd5 Ne7 9. Qb5+ c6 10. Qa5 Nd7 11. Bh5 Nb6 12. Bxg6+ hxg6 13. Nc3 Bf5 14. d5
Nexd5 15. Nxd5 Nxd5 16. Bd2 Bxc2 17. O-O Bf5 18. Rfe1+ Kf7 19. Bc3 Bd6 20. g3
b6 21. Qa4 Bd7 22. Qa6 Rhb8 23. Rad1 Bc8 24. Qc4 Bb7 25. Rxd5 cxd5 26. Qh4 Be5
27. Qh7+ Ke6 28. f4 d4 29. Bxd4 Kd5 30. fxe5 Kxd4 31. Qd7+ Kc5 32. Qd6+ Kb5 33.
Qd3+ Ka5 34. b4+ Ka4 35. Qb3+ Kb5 36. a4+ Kc6 37. Qe6+ Kc7 38. Rc1+ Kd8 39.
Qxf6+ Ke8 40. Qxg6+ Kd7 41. Qd6+ Ke8 42. Rc7 {Normal} 1-0

[Event "Rated Blitz game"]
[Site "?"]
[Date "2021.05.17"]
[Round "?"]
[White "becirbasic"]
[Black "pasha1984"]
[Result "1-0"]
[WhiteElo "2448"]
[BlackElo "2365"]
[PlyCount "45"]
[EventDate "2021.??.??"]
[EventType "blitz"]

1. e4 e5 2. Nf3 d5 3. exd5 e4 4. Qe2 Nf6 5. d3 Qxd5 6. Nbd2 Nc6 7. dxe4 Qh5 8.
a3 Bc5 9. b4 Bb6 10. c4 Bd4 11. Nxd4 Nxd4 12. Qd3 Nc6 13. b5 Ne5 14. Qg3 Ng6
15. Be2 Qc5 16. Bb2 O-O 17. e5 Nd7 18. h4 Ne7 19. e6 Nf5 20. Qc3 Nf6 21. g4 Nd6
22. g5 Nfe8 23. e7 {Normal} 1-0

[Event "Rated Blitz game"]
[Site "?"]
[Date "2021.05.17"]
[Round "?"]
[White "jim2600"]
[Black "annaly1979"]
[Result "0-1"]
[WhiteElo "2448"]
[BlackElo "2422"]
[PlyCount "62"]
[EventDate "2021.??.??"]
[EventType "blitz"]

1. e4 e5 2. Nf3 d5 3. exd5 e4 4. Nd4 c5 5. Nb3 f5 6. c4 Nf6 7. d4 Bd6 8. dxc5
Be5 9. Nc3 O-O 10. Be3 b6 11. c6 Na6 12. Bd4 Qc7 13. Bxe5 Qxe5 14. Qd4 Qf4 15.
a3 Nc5 16. Nxc5 bxc5 17. Qxc5 Ng4 18. h3 Ne5 19. Qe3 Qh4 20. Be2 Rb8 21. O-O-O
Qf6 22. d6 Nxc6 23. c5 Be6 24. g4 Bb3 25. Rd2 Na5 26. gxf5 Bc4 27. Bxc4+ Nxc4
28. Qd4 Nxd2 29. Qxf6 Nb3+ 30. Kc2 gxf6 31. Rd1 Nxc5 {Normal} 0-1

[Event "Rated Blitz game"]
[Site "?"]
[Date "2021.05.17"]
[Round "?"]
[White "avtandilsdze"]
[Black "pjotrskolasa"]
[Result "0-1"]
[WhiteElo "2294"]
[BlackElo "2434"]
[PlyCount "96"]
[EventDate "2021.??.??"]
[EventType "blitz"]

1. e4 e5 2. Nf3 d5 3. Nxe5 dxe4 4. Bc4 Be6 5. Bxe6 fxe6 6. Qh5+ g6 7. Nxg6 Nf6
8. Qb5+ c6 9. Qxb7 hxg6 10. Qxa8 Qc7 11. Nc3 Bc5 12. d3 exd3 13. cxd3 Ng4 14.
Ne4 Bd4 15. Bd2 O-O 16. Bb4 Bxf2+ 17. Nxf2 Rxf2 18. O-O-O Ne3 19. Rd2 Rxd2 20.
Bxd2 Nd5 21. Re1 Nb6 22. Ba5 Qf4+ 23. Bd2 Qc7 24. Ba5 Nxa8 25. Bxc7 Nxc7 26. g4
Nd7 27. h4 Nf6 28. g5 Nfd5 29. Re5 Kg7 30. Kd2 Nb5 31. a4 Nd4 32. Re4 Nf5 33.
b4 Kf7 34. Rc4 Nde7 35. b5 Nd6 36. Rc5 cxb5 37. axb5 Nd5 38. d4 Ne4+ 39. Kd3
Nxc5+ 40. dxc5 Ke7 41. Kc4 Ne3+ 42. Kb4 Nf5 43. b6 axb6 44. cxb6 Kd7 45. Ka5
Kc8 46. Ka6 Kb8 47. Kb5 Nxh4 48. Kc5 Nf3 {Normal} 0-1

[Event "Rated Blitz game"]
[Site "?"]
[Date "2021.05.17"]
[Round "?"]
[White "theken"]
[Black "pasha1984"]
[Result "1-0"]
[WhiteElo "2526"]
[BlackElo "2358"]
[PlyCount "75"]
[EventDate "2021.??.??"]
[EventType "blitz"]

1. e4 e5 2. Nf3 d5 3. exd5 e4 4. Qe2 Nf6 5. Nc3 Be7 6. Nxe4 Nxd5 7. Qd1 O-O 8.
Be2 Re8 9. O-O c5 10. d3 Nc6 11. Bg5 Bf5 12. Bxe7 Qxe7 13. Ng3 Bg6 14. Re1 Qf6
15. Rb1 a5 16. Qd2 h6 17. Bf1 Rxe1 18. Qxe1 a4 19. Ne4 Qe7 20. Nc3 Qd6 21. a3
Nf4 22. g3 Ne6 23. Bg2 Rb8 24. Ne4 Qe7 25. Qc3 b5 26. Ne5 Ncd4 27. Nxg6 fxg6
28. Re1 Qc7 29. Nd2 Kh7 30. Nf3 Qd6 31. Ne5 Ng5 32. h4 Nge6 33. Be4 Nf8 34. h5
Qxe5 35. Bxg6+ Nxg6 36. hxg6+ Kxg6 37. Rxe5 Nf3+ 38. Kg2 {Normal} 1-0

[Event "Rated Blitz game"]
[Site "?"]
[Date "2021.05.17"]
[Round "?"]
[White "czasnaszachy"]
[Black "DarthZannah"]
[Result "1-0"]
[WhiteElo "2501"]
[BlackElo "2517"]
[PlyCount "101"]
[EventDate "2021.??.??"]
[EventType "blitz"]

1. e4 e5 2. Nf3 d5 3. Nxe5 dxe4 4. d4 Nd7 5. Nxd7 Bxd7 6. Bc4 Bd6 7. Nc3 Nf6 8.
Bg5 O-O 9. O-O Re8 10. h3 h6 11. Bh4 c6 12. Qe2 b5 13. Bb3 a5 14. a4 b4 15. Nd1
Be6 16. Bxe6 Rxe6 17. Ne3 Qc7 18. Bxf6 Rxf6 19. Rac1 Re8 20. c4 Bf4 21. Rfd1
Rg6 22. c5 Qd7 23. Kf1 Bxe3 24. Qxe3 Qd5 25. Kg1 f5 26. Qf4 Kh7 27. g3 Rf6 28.
Rc2 Qb3 29. Rcd2 Qxa4 30. d5 cxd5 31. Rxd5 Qb3 32. Rd6 Ref8 33. Qe5 a4 34. c6
a3 35. bxa3 bxa3 36. c7 a2 37. Kh2 Qc2 38. R6d2 Qc6 39. Rxa2 Re6 40. Qf4 g5 41.
Qc1 Rc8 42. Rc2 Qb6 43. Rd7+ Kg6 44. Qa1 e3 45. Qg7+ Kh5 46. Qf7+ Rg6 47. Qxf5
Qb4 48. g4+ Kh4 49. Qxg6 Qf4+ 50. Kg2 exf2 51. Qh5# {Normal} 1-0

[Event "Rated Blitz game"]
[Site "?"]
[Date "2021.05.17"]
[Round "?"]
[White "Finally_I_Won"]
[Black "KinzyabulatovRenat"]
[Result "0-1"]
[WhiteElo "2427"]
[BlackElo "2428"]
[PlyCount "114"]
[EventDate "2021.??.??"]
[EventType "blitz"]

1. e4 e5 2. Nf3 d5 3. exd5 e4 4. Qe2 Nf6 5. d3 Qxd5 6. Nc3 Bb4 7. Bd2 Bxc3 8.
Bxc3 O-O 9. Bxf6 exf3 10. Qe5 Qxe5+ 11. Bxe5 Re8 12. d4 f6 13. Bc4+ Be6 14.
Bxe6+ Rxe6 15. O-O-O fxe5 16. dxe5 Nc6 17. gxf3 Rf8 18. Rd7 Re7 19. Rhd1 Rfe8
20. f4 Kf7 21. R7d3 Ke6 22. Rg1 g6 23. h4 Kf5 24. Rb3 b6 25. Rc3 Nd4 26. Re1
Kxf4 27. Rc4 c5 28. c3 b5 29. Rxc5 Nf3 30. Rd1 Rxe5 31. Rc7 R8e7 32. Rdd7 Rxd7
33. Rxd7 h5 34. Rxa7 Nxh4 35. c4 bxc4 36. a4 Nf5 37. a5 Nd4 38. a6 Ra5 39. Rf7+
Kg5 40. a7 h4 41. Kd2 Nb5 42. Ke3 Rxa7 43. Rf8 Re7+ 44. Kf3 Nd4+ 45. Kg2 Re2
46. Rc8 Rc2 47. Kg1 h3 48. Kh2 Kg4 49. Rd8 Nf5 50. Rh8 Rxf2+ 51. Kg1 Rxb2 52.
Rc8 c3 53. Kh1 c2 54. Rc3 Ng3+ 55. Kg1 h2+ 56. Kxh2 c1=Q+ 57. Rc2 Rxc2# {Normal
} 0-1

[Event "Rated Blitz game"]
[Site "?"]
[Date "2021.05.17"]
[Round "?"]
[White "drawingchest"]
[Black "greenbubbl_e"]
[Result "0-1"]
[WhiteElo "2579"]
[BlackElo "2758"]
[PlyCount "72"]
[EventDate "2021.??.??"]
[EventType "blitz"]

1. e4 e5 2. Nf3 d5 3. Nxe5 Bd6 4. d4 dxe4 5. Nc4 Nf6 6. Nc3 Bb4 7. Ne3 O-O 8.
Bc4 Nc6 9. a3 Ba5 10. d5 Ne5 11. Be2 Qe7 12. b4 Bb6 13. Bb2 Rd8 14. O-O c6 15.
Na4 Bxe3 16. fxe3 Nxd5 17. Qd4 Nf4 18. Rxf4 Rxd4 19. Bxd4 Ng6 20. Rf2 b6 21. c4
Be6 22. c5 b5 23. Nc3 a5 24. Rb1 axb4 25. axb4 h6 26. h3 Nh4 27. Rbf1 f5 28.
Kh2 Ra3 29. Bd1 Qg5 30. g3 Ng6 31. Ne2 Ra2 32. Nf4 Rxf2+ 33. Rxf2 Nxf4 34. gxf4
Qe7 35. Rg2 g5 36. Bh5 Bf7 {Time forfeit} 0-1

[Event "Rated Blitz game"]
[Site "?"]
[Date "2021.05.17"]
[Round "?"]
[White "peaudepaillator"]
[Black "annaly1979"]
[Result "0-1"]
[WhiteElo "2556"]
[BlackElo "2421"]
[PlyCount "42"]
[EventDate "2021.??.??"]
[EventType "blitz"]

1. e4 e5 2. Nf3 d5 3. exd5 e4 4. Qe2 f5 5. d3 Nf6 6. dxe4 fxe4 7. Nbd2 Be7 8.
Nxe4 Nxe4 9. Qxe4 O-O 10. Be3 Bf5 11. Qc4 Bd6 12. O-O-O Nd7 13. Bd3 b5 14. Qb3
a5 15. Bxf5 Rxf5 16. Nd4 Nc5 17. Qxb5 Rb8 18. Nc6 Rxb5 19. Nxd8 Na4 20. b3 Nc3
21. Rd2 Ba3# {Normal} 0-1

[Event "Rated Rapid game"]
[Site "?"]
[Date "2021.05.17"]
[Round "?"]
[White "schmetzger"]
[Black "Delyvj"]
[Result "1-0"]
[WhiteElo "2346"]
[BlackElo "2422"]
[PlyCount "189"]
[EventDate "2021.??.??"]
[EventType "rapid"]

1. e4 e5 2. Nf3 d5 3. d3 dxe4 4. dxe4 Qxd1+ 5. Kxd1 Bc5 6. Be3 Bxe3 7. fxe3 f6
8. Nc3 Be6 9. Bd3 Nc6 10. Kc1 Nge7 11. b3 O-O-O 12. a3 a6 13. Kb2 Rd6 14. Rad1
Rhd8 15. h3 b5 16. g4 Na5 17. Nh4 g6 18. Rhf1 Bg8 19. g5 fxg5 20. Nf3 c5 21.
Nxe5 Be6 22. Nf7 Bxf7 23. Rxf7 Nec6 24. Nd5 c4 25. Be2 Ne5 26. Rxh7 Kb8 27. Rg1
Nb7 28. Rxg5 Re8 29. Ne7 Nc6 30. Nxc6+ Rxc6 31. bxc4 bxc4 32. e5 Nc5 33. Bf3
Na4+ 34. Kc1 Rb6 35. Rg7 c3 36. R7xg6 Rxg6 37. Rxg6 Rxe5 38. Rxa6 Rxe3 39. Rxa4
Rxf3 40. Kb1 Kb7 41. Rh4 Rf2 42. Rc4 Rf3 43. h4 Kb6 44. Ka2 Rh3 45. Kb3 Kb5 46.
Rg4 Kc5 47. Rg5+ Kd4 48. a4 Rh1 49. Rg4+ Kc5 50. Kxc3 Rh3+ 51. Kb2 Kb6 52. c3
Rh1 53. Kb3 Rb1+ 54. Kc4 Ka5 55. Kc5 Rc1 56. Rc4 Rd1 57. Kc6 Rd3 58. h5 Rh3 59.
Rc5+ Kxa4 60. c4 Kb4 61. Kb6 Rh4 62. Kc6 Rd4 63. Kb6 Rh4 64. Kc6 Rf4 65. Kd6
Rf6+ 66. Ke7 Rh6 67. Rg5 Kxc4 68. Kf7 Ra6 69. Rg6 Ra7+ 70. Kg8 Kd5 71. h6 Ke5
72. h7 Kf5 73. Rf6+ Kxf6 74. h8=Q+ Kg6 75. Qh1 Rg7+ 76. Kf8 Rf7+ 77. Ke8 Rf4
78. Qg2+ Kf6 79. Kd7 Rd4+ 80. Kc6 Ke5 81. Qg5+ Ke4 82. Kc5 Rd3 83. Qg4+ Ke3 84.
Kc4 Rd2 85. Qg3+ Ke4 86. Kc3 Rd5 87. Qg4+ Ke5 88. Kc4 Rd6 89. Qg5+ Ke6 90. Kc5
Rd7 91. Qh5 Rc7+ 92. Kb6 Rd7 93. Qg6+ Kd5 94. Qd3+ Ke6 95. Qe4+ {Time forfeit}
1-0

[Event "Rated Blitz game"]
[Site "?"]
[Date "2021.05.17"]
[Round "?"]
[White "Beutlin1"]
[Black "BrilliantGambiteer"]
[Result "0-1"]
[WhiteElo "2431"]
[BlackElo "2298"]
[PlyCount "88"]
[EventDate "2021.??.??"]
[EventType "blitz"]

1. e4 e5 2. Nf3 d5 3. exd5 Bd6 4. c4 e4 5. Ng1 Nf6 6. Nc3 O-O 7. d3 Re8 8. Be3
exd3 9. Bxd3 Bf4 10. Qd2 Bxe3 11. fxe3 Ng4 12. Nd1 Qe7 13. Ke2 c6 14. Nf3 cxd5
15. cxd5 Qc5 16. h3 Nf6 17. Nc3 Na6 18. a3 Nc7 19. Rad1 b6 20. Bb1 Ba6+ 21. Kf2
Rad8 22. b4 Qe7 23. e4 Qd6 24. Rhe1 Nd7 25. Bd3 Bxd3 26. Qxd3 Ne5 27. Nxe5 Rxe5
28. Re3 Rde8 29. Rde1 a6 30. Qc4 Rg5 31. Rf3 Qh2 32. Rg1 Rf8 33. a4 Ne8 34. Qc6
Nd6 35. Qxb6 Nc4 36. Qd4 Nd6 37. b5 axb5 38. Nxb5 Nxb5 39. axb5 Qc7 40. d6 Qc2+
41. Kf1 Qc1+ 42. Ke2 Qc2+ 43. Qd2 Qc4+ 44. Kf2 Qxb5 {Time forfeit} 0-1

[Event "Rated Rapid game"]
[Site "?"]
[Date "2021.05.17"]
[Round "?"]
[White "hosein76"]
[Black "Delyvj"]
[Result "0-1"]
[WhiteElo "2257"]
[BlackElo "2415"]
[PlyCount "31"]
[EventDate "2021.??.??"]
[EventType "rapid"]

1. e4 e5 2. Nf3 d5 3. exd5 e4 4. Qe2 f5 5. d3 Qxd5 6. Nc3 Bb4 7. Bd2 Bxc3 8.
Bxc3 Ne7 9. O-O-O exf3 10. gxf3 Nbc6 11. Kb1 O-O 12. Rg1 Rf7 13. f4 Be6 14. b3
Qd7 15. Re1 Nd5 16. Bb2 {Normal} 0-1